De la vida a la muerte: ciencia y bioética
Сохранить в:
| Главные авторы: | , |
|---|---|
| Формат: | |
| Язык: | испанский |
| Опубликовано: |
Madrid
Cambridge University
1999
|
| Предметы: | |
| Метки: |
Добавить метку
Нет меток, Требуется 1-ая метка записи!
|
MARC
| LEADER | 00000nam a2200000 a 4500 | ||
|---|---|---|---|
| 001 | UCL6000 | ||
| 003 | CL-VaPUC | ||
| 008 | 040326e19990000SP |||||||||||||||||spa|d | ||
| 020 | |a 8483230739 | ||
| 082 | 0 | 4 | |a 174.2 |b THO |2 21 |
| 100 | 0 | |a Thomasma, David C |e author |9 483749 | |
| 700 | 0 | |a Kushner, Thomasine |e author |9 483750 | |
| 245 | 1 | 0 | |a De la vida a la muerte: ciencia y bioética |
| 300 | |a 411 p | ||
| 942 | |c BK | ||
| 945 | |d 20040326 00:00:00 |a cmena | ||
| 260 | |a Madrid |b Cambridge University |c 1999 | ||
| 650 | 0 | |a Ética médica |9 312024 | |
| 650 | 0 | |a Bioética |9 256117 | |
| 650 | 0 | |a Protección del medio ambiente |9 257626 | |
| 650 | 0 | |a Manipulación genética |9 373579 | |
| 650 | 0 | |a Eutanasia |9 255102 | |
| 650 | 7 | |a REPRODUCCION ARTIFICIAL |2 CL-VaPUC |9 374023 | |
| 583 | |a last modification |c 20040326 00:00:00 |k Rodrigo Vera | ||
| 999 | |c 308310 |d 308308 | ||
| 952 | |0 0 |1 0 |4 0 |6 174_200000000000000_THO_1999 |7 0 |8 A |9 374686 |a BIBTEO |b BIBTEO |d 2019-11-21 |i 3998878 |o 174.2 THO 1999 |p 3998878 |r 2025-01-17 |w 2019-11-21 |y BK |k ICR | ||